000 00483nam a2200181Ia 4500
001 16416
005 20260306170308.0
008 260306t2020||||xx |||||||||||||| ||und||
041 _aESP
082 _a348.6
_bA82
100 _aAspilcueta Cama, Elizabeth,
_eAUT
245 0 _aTratamiento laboral de las indemnizaciones :
_bAplicación práctica y jurisprudencial
260 _c2020
300 _a47 páginas :
_c
650 _aGEN
654 _aCDE
942 _cLIB
_dJUS
_fJUS
_2ddc
_n
999 _c16416
_d16416